[Event "Rio de Janeiro Masters op"]
[Site "Rio de Janeiro"]
[Date "2006.05.20"]
[Round "5"]
[White "Silva, Marcelo dos Santos"]
[Black "Sobral, Joao Mauricio"]
[Result "0-1"]
[WhiteElo "1950"]
[BlackElo "1815"]
[PlyCount "74"]
[EventDate "2006.05.13"]
[EventType "swiss"]
[EventRounds "7"]
[EventCountry "BRA"]
[SourceTitle "EXT 2007"]
[Source "ChessBase"]
[SourceDate "2006.11.23"]
[SourceVersion "1"]
[SourceVersionDate "2006.11.23"]
[SourceQuality "1"]

1. c4 g6 2. Nc3 Bg7 3. d4 Nf6 4. e4 d6 5. f3 0-0 6. Be3 Nbd7 7. Qd2 e5 8. Nge2 b6 9. d5 a5 10. g4 Nc5 11. Ng3 Ne8 12. 0-0-0 Bd7 13. h4 f5 14. gxf5 gxf5 15. Bg5 Qc8 16. Bh6 f4 17. Bxg7 Nxg7 18. Nge2 Nh5 19. Bh3 Bxh3 20. Rdg1+ Ng7 21. h5 h6 22. Rg6 Kh7 23. Rhg1 Rf7 24. Ng3 Qd7 25. Nd1 b5 26. Nf2 bxc4 27. Nxh3 Qxh3 28. Rh1 Qd7 29. Rh4 Rb8 30. Kb1 Nd3 31. b3 cxb3 32. Qxd3 bxa2+ 33. Ka1 Qa4 34. Rh1 Qb4 35. Qc2 Qd4+ 36. Kxa2 Rb4 37. Rxg7+ Rxg7 0-1

[Event "Rio de Janeiro Masters op"]
[Site "Rio de Janeiro"]
[Date "2006.05.13"]
[Round "1"]
[White "Rego, Vinicius Vilela"]
[Black "Sobral, Joao Mauricio"]
[Result "1-0"]
[WhiteElo "2158"]
[BlackElo "1815"]
[PlyCount "99"]
[EventDate "2006.05.13"]
[EventType "swiss"]
[EventRounds "7"]
[EventCountry "BRA"]
[SourceTitle "EXT 2007"]
[Source "ChessBase"]
[SourceDate "2006.11.23"]
[SourceVersion "1"]
[SourceVersionDate "2006.11.23"]
[SourceQuality "1"]

1. d4 c5 2. e3 e6 3. Bd3 Nf6 4. Nd2 d5 5. c3 g6 6. f4 Nbd7 7. Ngf3 Bg7 8. Ne5 0-0 9. 0-0 h5 10. Qe2 c4 11. Bc2 Nxe5 12. fxe5 Ng4 13. e4 Bh6 14. Nf3 Bd7 15. Bxh6 Nxh6 16. Qd2 Kg7 17. Ng5 f6 18. exf6+ Rxf6 19. e5 Rxf1+ 20. Rxf1 Nf5 21. h3 h4 22. Bxf5 gxf5 23. Rf4 Qe7 24. Rxh4 Rh8 25. Rxh8 Kxh8 26. Qf4 Be8 27. Qh4+ Kg8 28. Qh6 Bd7 29. Kf2 b5 30. Kg3 a5 31. a3 Qg7 32. Qxg7+ Kxg7 33. Kf4 Kg6 34. g4 fxg4 35. Kxg4 Kg7 36. h4 Kg6 37. h5+ Kg7 38. Kg3 Kh6 39. Kh4 a4 40. Kg4 Kg7 41. Kg3 Kh6 42. Kh4 Kg7 43. Nf3 Kh6 44. Nh2 Be8 45. Ng4+ Kg7 46. Kg5 Bf7 47. Nf6 Kh8 48. h6 Bg6 49. Kxg6 b4 50. Nxd5 1-0